| 000 | 00535nam a22001937a 4500 | ||
|---|---|---|---|
| 003 | KOHA_MİRAKIL | ||
| 005 | 20250421180730.0 | ||
| 008 | 250421b tu ||||| |||| 00| 0 tur d | ||
| 020 | _a9786053145714 | ||
| 040 |
_aTR-AnABB _btur _cTR-AnABB |
||
| 041 | _atur | ||
| 082 |
_a892.78609 _bALR 2022 |
||
| 100 | 1 | _aAlrefai, Taleb, | |
| 245 | 1 | 0 |
_aKaptan / _cTaleb Alrefai |
| 260 |
_aİstanbul : _bAyrıntı Yayınları, _c2022 |
||
| 300 |
_a124 sayfa ; _c24 cmKuveyt |
||
| 650 | 0 | 4 | _aKuveyt edebiyatı, roman |
| 942 |
_2ddc _cBK |
||
| 999 |
_c8811 _d8811 |
||
| 900 | _bGizem YORULMAZ | ||